Duality in nonlinear vector optimization /
Saved in:
| Main Author: | |
|---|---|
| Format: | Thesis Book |
| Language: | English |
| Published: |
1989.
|
| Subjects: | |
| Tags: |
Add Tag
No Tags, Be the first to tag this record!
|
| LEADER | 00741cam a2200241 a 4500 | ||
|---|---|---|---|
| 001 | u93616 | ||
| 003 | SIRSI | ||
| 008 | 910606s1989 si v 00 1 eng m | ||
| 035 | |a AAK-2250 | ||
| 040 | |a UMM | ||
| 090 | |a T57.8 |b Loh | ||
| 100 | 1 | 0 | |a Loh, Wing Wah. |
| 245 | 1 | 0 | |a Duality in nonlinear vector optimization / |c by Loh Wing Wah. |
| 260 | 1 | |c 1989. | |
| 300 | |a vi, 77 leaves ; |c 29 cm. | ||
| 502 | |a Dissertation (M.Sc.) -- National University of Singapore, 1989. | ||
| 504 | |a Bibliography: leaves 76-77. | ||
| 650 | 0 | |a Nonlinear programming. | |
| 650 | 0 | |a Mathematical optimization. | |
| 650 | 0 | |a Vector analysis. | |
| 948 | |a 13/08/1991 |b 27/08/2002 | ||
| 596 | |a 1 | ||
| 999 | |a T57.8 LOH |w LC |c 1 |i A010891520 |l STACKS |m P01UTAMA |r Y |s Y |t TESIS |u 20/2/1992 | ||
